000 01010cam a2200313 a 4500
005 20260322212041.0
008 data
010 _a96-34432
020 _a9780941270946 (cloth : alk. paper)
020 _a0941270947 (cloth : alk. paper)
020 _a9780941270953 (pbk. : alk. paper)
020 _a0941270955 (pbk. : alk. paper)
040 _aDLC
_cDLC
_dDLC
041 0 9 _aeng
044 _9United States
060 1 0 _aWZ 140 AA1
_bM9 1997
092 _a615.8 M9 1997
245 0 0 _aMystic healers & medicine shows :
_bblazing trails to wellness in the Old West and beyond /
_cedited by Gene Fowler.
246 3 _aMystic healers and medicine shows
260 _aSanta Fe, N.M. :
_bAncient City Press,
_cc1997.
300 _avi, 202 p. :
_bill., ports.
500 _aIncludes index.
650 1 2 _aMental Healing
_zUnited States
650 2 2 _aHistory, 19th Century
_zUnited States
650 2 2 _aQuackery
_xhistory
_zUnited States
655 2 _aBiography
700 1 _aFowler, Gene,
_d1950-
001 data
999 _c960
_d960